00787nam a2200217Ia 4500003000200000005001700002008004100019050003000060100003300090245009900123260009000222300002800312500004100340504004100381650002200422650002700444650002500471650002400496650002200520650002700542020250129094052.0190909s9999 xx 000 0 und d aPGS LB 1060.5b.Es79 2017 aEstanislao, Isaac Lorenzo O. aPerception of SISC students on online and traditional lectures /cIsaac Lorenzo O. Estanislao. aLas Piñas City, Philippines :bSouthville International School and Colleges,c2017. a22 p. :bill. ;c28 cm. aIncludes bibliographical references. aIncludes bibliographical references. aOnline education. aTraditional education. aStudent perceptions. aDistance education. aBlended learning. aGrade school students.